| 000 | 01608cam a22004454a 4500 | ||
|---|---|---|---|
| 001 | 14051019 | ||
| 003 | OSt | ||
| 005 | 20220301160738.0 | ||
| 008 | 050725s2006 enka b 001 0 eng | ||
| 010 | _a 2005021289 | ||
| 015 |
_aGBA599473 _2bnb |
||
| 016 | 7 |
_a013343504 _2Uk |
|
| 020 | _a1853598658 (hbk : alk. paper) | ||
| 020 | _a185359864X (pbk : alk. paper) | ||
| 020 | _a1853598666 (electronic) | ||
| 020 | _a9781853598654 | ||
| 020 | _a9781853598647 | ||
| 020 | _a9781853598661 | ||
| 035 | _a(OCoLC)ocm61253837 | ||
| 040 |
_aDLC _cDLC _dYDX _dBAKER _dUKM _dYUS _dDLC |
||
| 042 | _apcc | ||
| 043 | _ae-uk--- | ||
| 050 | 0 | 0 |
_aLC3715 _b.B35 2006 |
| 082 | 0 | 0 |
_a370.117 _222 |
| 100 | 1 |
_aBaker, Colin, _d1949- |
|
| 245 | 1 | 0 |
_aFoundations of bilingual education and bilingualism / _cColin Baker. |
| 250 | _a4th ed. | ||
| 260 |
_aClevedon ; _aBuffalo : _bMultilingual Matters, _cc2006. |
||
| 300 |
_axii, 492 p. : _bill. ; _c25 cm. |
||
| 440 | 0 |
_aBilingual education and bilingualism ; _v54 |
|
| 504 | _aIncludes bibliographical references (p. 441-479) and index. | ||
| 650 | 0 | _aEducation, Bilingual. | |
| 650 | 0 |
_aEducation, Bilingual _zGreat Britain. |
|
| 650 | 0 | _aBilingualism. | |
| 650 | 0 |
_aBilingualism _zGreat Britain. |
|
| 856 | 4 | 1 |
_3Table of contents _uhttp://www.loc.gov/catdir/toc/ecip0517/2005021289.html |
| 906 |
_a7 _bcbc _corignew _d1 _eecip _f20 _gy-gencatlg |
||
| 942 |
_2lcc _cBOOKS _hLC3715 .B35 2006 |
||
| 999 |
_c31289 _d31289 |
||